UBT Library

ENVIRONMENTAL LAW HANDBOOK (Record no. 41030)

000 -LEADER
fixed length control field 00303nam a22001337a 4500
008 - FIXED-LENGTH DATA ELEMENTS--GENERAL INFORMATION
fixed length control field 180126b xxu||||| |||| 00| 0 eng d
020 ## - INTERNATIONAL STANDARD BOOK NUMBER
International Standard Book Number 08695877068
041 ## - LANGUAGE CODE
Language code of text/sound track or separate title eng
080 ## - UNIVERSAL DECIMAL CLASSIFICATION NUMBER
Edition identifier 9 ED
Universal Decimal Classification number 574
100 ## - Rafti
Rafti 9
101 ## - Shkurtesa
Shkurtesa MJE
245 ## - TITLE STATEMENT
Title ENVIRONMENTAL LAW HANDBOOK
Statement of responsibility, etc THOMAS.F.P
942 ## - ADDED ENTRY ELEMENTS (KOHA)
Source of classification or shelving scheme
Item type Books
Holdings
Withdrawn status Lost status Source of classification or shelving scheme Damaged status Not for loan Collection code Permanent location Current location Shelving location Date acquired Total Checkouts Full call number Barcode Date last seen Price effective from Koha item type
          Koleksioni i përgjithshem UBT - Lipjan UBT - Lipjan Koleksioni i përgjithshem 01/26/2018   574 THO 002-2996619 01/26/2018 01/26/2018 Books
UBT Library © 2015-2024. All rights reserved University Education for Business and Technology